[Event "44th Chess Olympiad Open 2022"]
[Site "Chennai"]
[Date "2022.08.02"]
[Round "5.11"]
[White "Puranik, Abhimanyu"]
[Black "Lopez Silva, Hugo"]
[Result "1-0"]
[WhiteElo "2612"]
[BlackElo "2403"]
[Annotator "RC"]
[PlyCount "81"]
[EventDate "2022.07.29"]
[EventType "team-tourn"]
[EventCountry "IND"]
[SourceTitle "playchess.com"]
[Source "ChessBase"]
[SourceQuality "1"]
[WhiteTeam "India"]
[BlackTeam "Chile"]
[WhiteTeamCountry "IND"]
[BlackTeamCountry "CHI"]

1. e4 e5 2. Nf3 Nc6 3. Bb5 a6 4. Ba4 Nge7 5. c3 g6 6. d4 exd4 7. cxd4 b5 8. Bc2
d5 9. Nc3 Bg7 10. O-O O-O 11. Bg5 h6 12. Bxe7 Nxe7 13. e5 Bg4 14. h3 Bxf3 15.
Qxf3 c5 16. dxc5 Qc7 17. Rfe1 Qxc5 18. Bb3 Rad8 19. Rac1 Qb4 20. Nxd5 Nxd5 21.
Bxd5 Qxb2 22. Rc7 Kh8 23. Bxf7 Bxe5 24. Qe3 Bg7 25. Bxg6 Qd4 26. Bc2 Qxe3 27.
Rxe3 Rc8 28. Rxc8 Rxc8 29. Bd3 Rd8 30. Kf1 Bd4 31. Re6 Bc5 32. Rxh6+ Kg7 33.
Rc6 Rxd3 34. Rxc5 Rd2 35. a3 Rd3 36. a4 b4 37. Ke2 Ra3 38. Ra5 Ra2+ 39. Kf3
Ra3+ 40. Kg4 Ra2 41. Kg3 1-0

[Event "44th Chess Olympiad Open 2022"]
[Site "Chennai"]
[Date "2022.08.02"]
[Round "5.11"]
[White "Salinas Herrera, Pablo"]
[Black "Karthikeyan, Murali"]
[Result "1-0"]
[WhiteElo "2526"]
[BlackElo "2613"]
[Annotator "RC"]
[PlyCount "73"]
[EventDate "2022.07.29"]
[EventType "team-tourn"]
[EventCountry "IND"]
[SourceTitle "playchess.com"]
[Source "ChessBase"]
[SourceQuality "1"]
[WhiteTeam "Chile"]
[BlackTeam "India"]
[WhiteTeamCountry "CHI"]
[BlackTeamCountry "IND"]

1. e4 c5 2. Nf3 Nc6 3. Bb5 e6 4. O-O Nge7 5. Re1 Nd4 6. Nxd4 cxd4 7. c3 a6 8.
Bf1 Nc6 9. b4 Bd6 10. Na3 O-O 11. b5 axb5 12. Nxb5 Be5 13. Bb2 Qf6 14. g3 dxc3
15. dxc3 g5 16. a4 Rd8 17. Bc1 Kh8 18. Nd6 Rg8 19. Ra2 b6 20. Re3 Qg7 21. Nxc8
Raxc8 22. Rd3 Bf6 23. Rxd7 Bxc3 24. Be3 Ne5 25. Rd6 Ba5 26. Be2 Qg6 27. Rc2
Qxe4 28. Rxc8 Rxc8 29. Rd8+ Rxd8 30. Qxd8+ Kg7 31. Qxg5+ Ng6 32. h4 Qe5 33. Qd8
Qa1+ 34. Kh2 Qa2 35. h5 h6 36. Qd4+ e5 37. Qg4 1-0

[Event "44th Chess Olympiad Open 2022"]
[Site "Chennai"]
[Date "2022.08.02"]
[Round "5.12"]
[White "Saric, Ivan"]
[Black "Gretarsson, Hjorvar Steinn"]
[Result "1-0"]
[WhiteElo "2680"]
[BlackElo "2563"]
[Annotator "RC"]
[PlyCount "75"]
[EventDate "2022.07.29"]
[EventType "team-tourn"]
[EventCountry "IND"]
[SourceTitle "playchess.com"]
[Source "ChessBase"]
[SourceQuality "1"]
[WhiteTeam "Croatia"]
[BlackTeam "Iceland"]
[WhiteTeamCountry "CRO"]
[BlackTeamCountry "ISL"]

1. e4 c5 2. Nf3 d6 3. d4 cxd4 4. Nxd4 Nf6 5. Nc3 a6 6. h3 e5 7. Nf3 Be7 8. g4
h6 9. Rg1 b5 10. g5 hxg5 11. Nxg5 Qc7 12. a4 b4 13. Nd5 Nxd5 14. Qxd5 Bxg5 15.
Rxg5 Bb7 16. Qb3 Nc6 17. Be3 g6 18. O-O-O Bc8 19. Rg3 Be6 20. Qd3 Ke7 21. b3
Rac8 22. Kb1 Rhd8 23. Qd2 d5 24. Bg5+ Ke8 25. Bxd8 Rxd8 26. Qe1 Nd4 27. Bd3
dxe4 28. Bxe4 f5 29. Bd3 Kf7 30. Qg1 e4 31. Rxg6 Qe5 32. Bxa6 Rh8 33. f4 exf3
34. Rxe6 Nxe6 35. Bc4 Rg8 36. Qf2 Qc3 37. Rd3 Qe5 38. Rxf3 1-0

[Event "44th Chess Olympiad Open 2022"]
[Site "Chennai"]
[Date "2022.08.02"]
[Round "5.12"]
[White "Stefansson, Hannes"]
[Black "Brkic, Ante"]
[Result "1/2-1/2"]
[WhiteElo "2541"]
[BlackElo "2611"]
[Annotator "RC"]
[PlyCount "75"]
[EventDate "2022.07.29"]
[EventType "team-tourn"]
[EventCountry "IND"]
[SourceTitle "playchess.com"]
[Source "ChessBase"]
[SourceQuality "1"]
[WhiteTeam "Iceland"]
[BlackTeam "Croatia"]
[WhiteTeamCountry "ISL"]
[BlackTeamCountry "CRO"]

1. e4 c5 2. Nf3 d6 3. Bb5+ Nd7 4. c4 Ngf6 5. Nc3 g6 6. h3 Bg7 7. d3 O-O 8. Ba4
Nb8 9. O-O Bd7 10. Bxd7 Nfxd7 11. d4 Nc6 12. Be3 Rc8 13. d5 Nd4 14. Nxd4 cxd4
15. Bxd4 Rxc4 16. Bxg7 Kxg7 17. Qe2 Qc8 18. Rac1 Nf6 19. Rce1 Qc5 20. e5 dxe5
21. Qxe5 b5 22. Qxe7 b4 23. Qxc5 Rxc5 24. Ne4 Rxd5 25. Nxf6 Kxf6 26. Re4 a5 27.
a3 b3 28. Rfe1 Rd2 29. R1e2 Rfd8 30. Rf4+ Kg5 31. Rxd2 Rxd2 32. Ra4 Rxb2 33.
Rxa5+ Kf4 34. Ra4+ Ke5 35. Rb4 h5 36. g4 hxg4 37. hxg4 f5 38. gxf5 1/2-1/2

[Event "44th Chess Olympiad Open 2022"]
[Site "Chennai"]
[Date "2022.08.02"]
[Round "5.12"]
[White "Gretarsson, Helgi Ass"]
[Black "Bosiocic, Marin"]
[Result "0-1"]
[WhiteElo "2472"]
[BlackElo "2549"]
[Annotator "RC"]
[PlyCount "84"]
[EventDate "2022.07.29"]
[EventType "team-tourn"]
[EventCountry "IND"]
[SourceTitle "playchess.com"]
[Source "ChessBase"]
[SourceQuality "1"]
[WhiteTeam "Iceland"]
[BlackTeam "Croatia"]
[WhiteTeamCountry "ISL"]
[BlackTeamCountry "CRO"]

1. c4 e5 2. Nc3 Bb4 3. Nd5 a5 4. Nf3 d6 5. a3 Bc5 6. e3 c6 7. d4 Ba7 8. Nc3 Nd7
9. b4 Bb8 10. b5 Ngf6 11. a4 O-O 12. Be2 e4 13. Nd2 d5 14. Qb3 c5 15. cxd5 cxd4
16. exd4 Nb6 17. O-O Re8 18. Re1 Nbxd5 19. Nxd5 Nxd5 20. Bc4 e3 21. Rxe3 Nxe3
22. Bxf7+ Kh8 23. fxe3 Rf8 24. Ba3 Bxh2+ 25. Kxh2 Qc7+ 26. Kg1 Rxf7 27. Rc1 Qd7
28. Nf3 Rxf3 29. gxf3 Qh3 30. Qc2 Be6 31. Qg2 Qh6 32. Rc3 Rd8 33. Be7 Rd5 34.
f4 Qh5 35. Qc2 Qg4+ 36. Qg2 Qd1+ 37. Qf1 Qxa4 38. f5 Rxf5 39. Qc1 Qa2 40. Rc8+
Bg8 41. Qc2 Qe6 42. e4 Rf4 0-1

[Event "44th Chess Olympiad Open 2022"]
[Site "Chennai"]
[Date "2022.08.02"]
[Round "5.13"]
[White "Navara, David"]
[Black "Batsuren, Dambasuren"]
[Result "1-0"]
[WhiteElo "2688"]
[BlackElo "2518"]
[Annotator "TA"]
[PlyCount "63"]
[EventDate "2022.07.29"]
[EventType "team-tourn"]
[EventCountry "IND"]
[SourceTitle "playchess.com"]
[Source "ChessBase"]
[SourceQuality "1"]
[WhiteTeam "Czech Republic"]
[BlackTeam "Mongolia"]
[WhiteTeamCountry "CZE"]
[BlackTeamCountry "MGL"]

1. e4 c6 2. d4 d5 3. e5 c5 4. dxc5 e6 5. a3 Bxc5 6. Qg4 Ne7 7. Nf3 O-O 8. b4
Bb6 9. Bd3 Ng6 10. Bb2 f5 11. Qg3 a5 12. h4 axb4 13. h5 Nh8 14. h6 g6 15. axb4
Rxa1 16. Bxa1 Nc6 17. Bc3 d4 18. Bd2 Qd5 19. b5 Na7 20. Qh4 Qc5 21. Bg5 Re8 22.
Bf6 Nf7 23. Qg3 Nh8 24. Qg5 Qf8 25. g4 Bd7 26. Bc4 fxg4 27. Qxg4 Bd8 28. Qxd4
Bxb5 29. Bxb5 Nxb5 30. Qd7 Bxf6 31. exf6 Nd6 32. Qxh7+ 1-0

[Event "44th Chess Olympiad Open 2022"]
[Site "Chennai"]
[Date "2022.08.02"]
[Round "5.13"]
[White "Michalik, Peter"]
[Black "Bilguun, Sumiya"]
[Result "1/2-1/2"]
[WhiteElo "2559"]
[BlackElo "2463"]
[Annotator "RC"]
[PlyCount "99"]
[EventDate "2022.07.29"]
[EventType "team-tourn"]
[EventCountry "IND"]
[SourceTitle "playchess.com"]
[Source "ChessBase"]
[SourceQuality "1"]
[WhiteTeam "Czech Republic"]
[BlackTeam "Mongolia"]
[WhiteTeamCountry "CZE"]
[BlackTeamCountry "MGL"]

1. c4 c5 2. Nf3 Nf6 3. Nc3 g6 4. e4 Nc6 5. d4 cxd4 6. Nxd4 d6 7. Be2 Nxd4 8.
Qxd4 Bg7 9. Be3 O-O 10. Qd2 a5 11. O-O-O Be6 12. Kb1 Rc8 13. c5 Qc7 14. cxd6
exd6 15. f3 d5 16. Bf4 Qc5 17. e5 d4 18. Qxd4 Qxd4 19. Rxd4 Nd7 20. Nd5 Kh8 21.
Rhd1 Nxe5 22. g4 b5 23. Re4 Nc4 24. Bxc4 Rxc4 25. Rxc4 bxc4 26. Bc7 a4 27. g5
Bf5+ 28. Kc1 Re8 29. Ba5 Re2 30. Rd2 Re1+ 31. Rd1 Re2 32. Rd2 Re1+ 33. Rd1
Bxb2+ 34. Kd2 Rxd1+ 35. Kxd1 Kg8 36. Kd2 Be6 37. Nf6+ Bxf6 38. gxf6 c3+ 39.
Kxc3 Bxa2 40. f4 Kf8 41. Bb4+ Ke8 42. Kd4 Kd7 43. Ke5 h5 44. h4 Kc6 45. Ba3 Kb5
46. Kd4 Be6 47. Bf8 Kc6 48. Ba3 Bb3 49. Ke5 Kd7 50. Bf8 1/2-1/2

[Event "44th Chess Olympiad Open 2022"]
[Site "Chennai"]
[Date "2022.08.02"]
[Round "5.13"]
[White "Amartuvshin, Ganzorig"]
[Black "Nguyen, Thai Dai Van"]
[Result "0-1"]
[WhiteElo "2409"]
[BlackElo "2629"]
[Annotator "RC"]
[PlyCount "106"]
[EventDate "2022.07.29"]
[EventType "team-tourn"]
[EventCountry "IND"]
[SourceTitle "playchess.com"]
[Source "ChessBase"]
[SourceQuality "1"]
[WhiteTeam "Mongolia"]
[BlackTeam "Czech Republic"]
[WhiteTeamCountry "MGL"]
[BlackTeamCountry "CZE"]

1. d4 d5 2. c4 c6 3. Nc3 Nf6 4. e3 e6 5. Nf3 Nbd7 6. Qc2 Bd6 7. Bd3 dxc4 8.
Bxc4 b5 9. Be2 O-O 10. O-O Re8 11. Ng5 Bb7 12. Nce4 Bf8 13. Nxf6+ Nxf6 14. Bd3
g6 15. Nf3 Rc8 16. Qe2 Nd7 17. e4 a6 18. a4 e5 19. axb5 cxb5 20. d5 Nc5 21. Bg5
Qd6 22. Nd2 f5 23. Be3 Nxd3 24. Qxd3 f4 25. Nb3 fxe3 26. Qxe3 Rc7 27. Na5 Ba8
28. g3 Qc5 29. Qf3 Qb6 30. h4 Bb4 31. Nb3 Rc2 32. Qd1 Rxb2 33. Nc1 Bc3 34. Ra2
Rxa2 35. Nxa2 Bd4 36. Kg2 Bb7 37. h5 g5 38. Qg4 Qf6 39. Nb4 Bc8 40. Qe2 Bd7 41.
Qa2 g4 42. Nc6 Bxc6 43. dxc6+ Qf7 44. Qxa6 Qxh5 45. Qa3 Qf7 46. Qc1 Qf3+ 47.
Kh2 Bxf2 48. Qg5+ Kh8 49. Rxf2 Qxf2+ 50. Kh1 Qf1+ 51. Kh2 Qh3+ 52. Kg1 Qxg3+
53. Kh1 Qf3+ 0-1

[Event "44th Chess Olympiad Open 2022"]
[Site "Chennai"]
[Date "2022.08.02"]
[Round "5.14"]
[White "Megaranto, Susanto"]
[Black "Indjic, Aleksandar"]
[Result "1/2-1/2"]
[WhiteElo "2529"]
[BlackElo "2620"]
[Annotator "RC"]
[PlyCount "80"]
[EventDate "2022.07.29"]
[EventType "team-tourn"]
[EventCountry "IND"]
[SourceTitle "playchess.com"]
[Source "ChessBase"]
[SourceQuality "1"]
[WhiteTeam "Indonesia"]
[BlackTeam "Serbia"]
[WhiteTeamCountry "INA"]
[BlackTeamCountry "SRB"]

1. e4 c5 2. c3 d5 3. exd5 Nf6 4. Nf3 Nxd5 5. d4 cxd4 6. Qxd4 Nc6 7. Bb5 a6 8.
Bxc6+ bxc6 9. O-O e6 10. c4 Ne7 11. Qxd8+ Kxd8 12. Rd1+ Ke8 13. Nc3 f6 14. Ne4
Ng6 15. Be3 e5 16. h3 h5 17. b3 a5 18. Bb6 Bf5 19. Nd6+ Bxd6 20. Rxd6 Ne7 21.
Rad1 Kf7 22. Bc5 Be6 23. Nd2 Bf5 24. f3 a4 25. Ne4 axb3 26. axb3 Ra2 27. R6d2
Rha8 28. Nc3 Rxd2 29. Rxd2 h4 30. Na4 Be6 31. Bxe7 Kxe7 32. Kf2 Ra5 33. Rc2 f5
34. Ke3 f4+ 35. Kf2 Kd6 36. Rd2+ Kc7 37. Rc2 Bf7 38. Rc1 Be6 39. Rc2 Bf7 40.
Rc1 Be6 1/2-1/2

[Event "44th Chess Olympiad Open 2022"]
[Site "Chennai"]
[Date "2022.08.02"]
[Round "5.14"]
[White "Ervan, Mohamad"]
[Black "Ivanisevic, Ivan"]
[Result "1/2-1/2"]
[WhiteElo "2402"]
[BlackElo "2561"]
[Annotator "RC"]
[PlyCount "63"]
[EventDate "2022.07.29"]
[EventType "team-tourn"]
[EventCountry "IND"]
[SourceTitle "playchess.com"]
[Source "ChessBase"]
[SourceQuality "1"]
[WhiteTeam "Indonesia"]
[BlackTeam "Serbia"]
[WhiteTeamCountry "INA"]
[BlackTeamCountry "SRB"]

1. e4 c6 2. Nf3 d5 3. Nc3 dxe4 4. Nxe4 Nf6 5. Ng3 h5 6. h3 h4 7. Ne2 Qa5 8. Nc3
g5 9. d4 g4 10. Ne5 gxh3 11. gxh3 Be6 12. Bc4 Bxc4 13. Nxc4 Qh5 14. Qxh5 Rxh5
15. Rg1 Nbd7 16. Rg5 Nb6 17. Ne5 Rh7 18. Be3 Nbd5 19. Nxd5 Nxd5 20. Rg8 O-O-O
21. Ke2 e6 22. c3 c5 23. dxc5 Nxe3 24. fxe3 Bxc5 25. Rag1 Bd6 26. Rxd8+ Kxd8
27. Rg8+ Ke7 28. Nf3 f5 29. Ng5 Rh6 30. Nf3 Rh7 31. Ng5 Rh6 32. Nf3 1/2-1/2

[Event "44th Chess Olympiad Open 2022"]
[Site "Chennai"]
[Date "2022.08.02"]
[Round "5.15"]
[White "Delgado Ramirez, Neuris"]
[Black "Mchedlishvili, Mikheil"]
[Result "1/2-1/2"]
[WhiteElo "2614"]
[BlackElo "2593"]
[Annotator "RC"]
[PlyCount "90"]
[EventDate "2022.07.29"]
[EventType "team-tourn"]
[EventCountry "IND"]
[SourceTitle "playchess.com"]
[Source "ChessBase"]
[SourceQuality "1"]
[WhiteTeam "Paraguay"]
[BlackTeam "Georgia"]
[WhiteTeamCountry "PAR"]
[BlackTeamCountry "GEO"]

1. e4 c5 2. Nf3 e6 3. d4 cxd4 4. Nxd4 Nc6 5. Nc3 Qc7 6. a3 a6 7. Be3 b5 8. Nxc6
Qxc6 9. Be2 Bb7 10. Qd4 Rc8 11. f3 Nf6 12. e5 Nd5 13. Nxd5 Qxd5 14. Qxd5 Bxd5
15. Kd2 Bc4 16. Bxc4 Rxc4 17. b3 Rc6 18. b4 g5 19. Bd4 g4 20. f4 Bh6 21. g3 O-O
22. a4 d6 23. axb5 axb5 24. Kd3 Rd8 25. c3 dxe5 26. fxe5 f6 27. Rhe1 fxe5 28.
Rxe5 Bg7 29. Rg5 e5 30. Ra7 Rg6 31. Rxg7+ Rxg7 32. Rxe5 Rb8 33. c4 bxc4+ 34.
Kxc4 Rc7+ 35. Bc5 Kf7 36. Rg5 Rd7 37. Rxg4 Rbb7 38. Rh4 Ke8 39. b5 Rd1 40. b6
Rf7 41. Kb5 Kd7 42. Rh5 Kc8 43. Kc6 Rf6+ 44. Kb5 Rf7 45. Kc6 Rf6+ 1/2-1/2

[Event "44th Chess Olympiad Open 2022"]
[Site "Chennai"]
[Date "2022.08.02"]
[Round "5.15"]
[White "Jobava, Baadur"]
[Black "Bachmann, Axel"]
[Result "1-0"]
[WhiteElo "2585"]
[BlackElo "2588"]
[Annotator "ChessBase"]
[PlyCount "113"]
[EventDate "2022.07.29"]
[EventType "team-tourn"]
[EventCountry "IND"]
[SourceTitle "playchess.com"]
[Source "ChessBase"]
[SourceQuality "1"]
[WhiteTeam "Georgia"]
[BlackTeam "Paraguay"]
[WhiteTeamCountry "GEO"]
[BlackTeamCountry "PAR"]

1. Nf3 d5 2. c4 c6 3. g3 Bg4 4. Ne5 Bf5 5. cxd5 Qxd5 6. d4 e6 7. Qb3 Qxb3 8.
axb3 Bc2 9. Bg2 Nd7 10. Nc4 Ngf6 11. Bf4 Bxb3 12. Nd6+ Bxd6 13. Bxd6 Bd5 14. f3
Nb6 15. e4 Bc4 16. Kf2 O-O-O 17. Bc5 Nfd7 18. Be7 Rde8 19. Bd6 Ba6 20. b3 Kd8
21. Rc1 Nc8 22. Bb4 Kc7 23. f4 Nf6 24. h3 Rd8 25. Ke3 h5 26. Nd2 Nd7 27. Nc4
Bb5 28. Bf3 f6 29. Ra2 f5 30. e5 Ndb6 31. Nd6 Nxd6 32. Bxd6+ Rxd6 33. exd6+ Kb8
34. Kf2 Rd8 35. Bxh5 Rxd6 36. Rd2 Nd5 37. Bf3 Nb4 38. Ke3 Rd8 39. g4 Rh8 40.
Rh1 a5 41. g5 Kc7 42. h4 Kd6 43. h5 Ke7 44. h6 g6 45. Be2 Nd5+ 46. Kf3 Nc3 47.
Bc4 Bxc4 48. bxc4 b5 49. Rb2 a4 50. Rc1 a3 51. Rb3 Ne4 52. Rxa3 Nd2+ 53. Ke2
Nxc4 54. Ra7+ Kd6 55. Rca1 Nb6 56. Rg7 Nd5 57. Raa7 1-0

[Event "44th Chess Olympiad Open 2022"]
[Site "Chennai"]
[Date "2022.08.02"]
[Round "5.15"]
[White "Paichadze, Luka"]
[Black "Cubas, Jose Fernando"]
[Result "1-0"]
[WhiteElo "2561"]
[BlackElo "2451"]
[Annotator "RC"]
[PlyCount "83"]
[EventDate "2022.07.29"]
[EventType "team-tourn"]
[EventCountry "IND"]
[SourceTitle "playchess.com"]
[Source "ChessBase"]
[SourceQuality "1"]
[WhiteTeam "Georgia"]
[BlackTeam "Paraguay"]
[WhiteTeamCountry "GEO"]
[BlackTeamCountry "PAR"]

1. e4 c5 2. Nf3 d6 3. d4 cxd4 4. Qxd4 Nc6 5. Bb5 Bd7 6. Qd3 g6 7. O-O Bg7 8. c4
Nf6 9. Nc3 O-O 10. h3 Rc8 11. Be3 Nb4 12. Qe2 a6 13. Bxd7 Nxd7 14. Rac1 Bxc3
15. Rxc3 Nxa2 16. Rb3 Nc5 17. Bxc5 dxc5 18. Rxb7 Rb8 19. Ra7 Ra8 20. Rxa8 Qxa8
21. Qe3 Qb7 22. Qxc5 Qxb2 23. Qxe7 Nc3 24. e5 Ne2+ 25. Kh2 Nd4 26. Ng5 Nc6 27.
Qd6 Qxe5+ 28. Qxe5 Nxe5 29. Ra1 Ra8 30. c5 a5 31. Ne4 Nc6 32. Nc3 Rb8 33. Rd1
Rb3 34. Ne4 f5 35. Nf6+ Kf7 36. Nxh7 Ne5 37. Rd5 Ke6 38. Rd6+ Ke7 39. Nf6 a4
40. Nd5+ Kf7 41. c6 Nc4 42. Rf6+ 1-0

[Event "44th Chess Olympiad Open 2022"]
[Site "Chennai"]
[Date "2022.08.02"]
[Round "5.15"]
[White "Zacarias, M Ruben D"]
[Black "Pantsulaia, Levan"]
[Result "0-1"]
[WhiteElo "2175"]
[BlackElo "2581"]
[Annotator "ChessBase"]
[PlyCount "90"]
[EventDate "2022.07.29"]
[EventType "team-tourn"]
[EventCountry "IND"]
[SourceTitle "playchess.com"]
[Source "ChessBase"]
[SourceQuality "1"]
[WhiteTeam "Paraguay"]
[BlackTeam "Georgia"]
[WhiteTeamCountry "PAR"]
[BlackTeamCountry "GEO"]

1. e4 c5 2. Nf3 e6 3. d4 cxd4 4. Nxd4 a6 5. Bd3 Ne7 6. Nc3 Nec6 7. Nb3 d6 8.
O-O Be7 9. f4 b5 10. Be3 Nd7 11. a4 b4 12. Nb1 O-O 13. N1d2 a5 14. Bb5 Bb7 15.
Nc4 Qc7 16. Qd3 Ncb8 17. Bd4 d5 18. exd5 Bxd5 19. Ne3 Bb7 20. Rad1 Rd8 21. Ng4
Nf6 22. Be5 Qb6+ 23. Bd4 Qc7 24. Be5 Qb6+ 25. Bd4 Qc7 26. Be5 Qc8 27. Qe2 Nbd7
28. Nxf6+ Nxf6 29. Rxd8+ Bxd8 30. c4 bxc3 31. bxc3 Bb6+ 32. Kh1 Ne4 33. c4 Qd8
34. Nc1 Qh4 35. Rf3 Rd8 36. c5 Rd2 37. cxb6 Rxe2 38. Bxe2 Nf2+ 39. Kg1 Ng4 40.
h3 Qe1+ 41. Bf1 Nxe5 42. Rb3 Nd7 43. Ne2 Qd2 44. Kf2 Qd6 45. Rb5 Ba6 0-1

[Event "44th Chess Olympiad Open 2022"]
[Site "Chennai"]
[Date "2022.08.02"]
[Round "5.16"]
[White "Schitco, Ivan"]
[Black "Theodorou, Nikolas"]
[Result "1/2-1/2"]
[WhiteElo "2490"]
[BlackElo "2575"]
[Annotator "RC"]
[PlyCount "56"]
[EventDate "2022.07.29"]
[EventType "team-tourn"]
[EventCountry "IND"]
[SourceTitle "playchess.com"]
[Source "ChessBase"]
[SourceQuality "1"]
[WhiteTeam "Moldova"]
[BlackTeam "Greece"]
[WhiteTeamCountry "MDA"]
[BlackTeamCountry "GRE"]

1. c4 Nf6 2. Nc3 g6 3. d4 Bg7 4. e4 d6 5. Be2 O-O 6. Be3 Na6 7. h4 h5 8. f3 c5
9. d5 e6 10. Qd2 exd5 11. cxd5 Nc7 12. a4 a6 13. Nh3 Bxh3 14. Rxh3 b5 15. Bh6
Re8 16. Bxg7 Kxg7 17. Kf1 Qe7 18. axb5 axb5 19. Rxa8 Rxa8 20. Bxb5 Ng4 21. fxg4
Ra1+ 22. Ke2 hxg4 23. Re3 Qf6 24. Kd3 Qd4+ 25. Ke2 Qf6 26. Kd3 Qd4+ 27. Ke2 Qf6
28. Kd3 Qd4+ 1/2-1/2

[Event "44th Chess Olympiad Open 2022"]
[Site "Chennai"]
[Date "2022.08.02"]
[Round "5.16"]
[White "Hamitevici, Vladimir"]
[Black "Banikas, Hristos"]
[Result "0-1"]
[WhiteElo "2473"]
[BlackElo "2598"]
[Annotator "RC"]
[PlyCount "112"]
[EventDate "2022.07.29"]
[EventType "team-tourn"]
[EventCountry "IND"]
[SourceTitle "playchess.com"]
[Source "ChessBase"]
[SourceQuality "1"]
[WhiteTeam "Moldova"]
[BlackTeam "Greece"]
[WhiteTeamCountry "MDA"]
[BlackTeamCountry "GRE"]

1. d4 Nf6 2. c4 e6 3. Nf3 b6 4. g3 Bb4+ 5. Bd2 a5 6. Bg2 Bb7 7. O-O O-O 8. Bf4
Be7 9. Qc2 Be4 10. Qc1 Bb7 11. Nc3 Ne4 12. d5 Nxc3 13. Qxc3 Na6 14. Rfd1 Nc5
15. Nd4 Bf6 16. Be3 Qc8 17. Qc2 Re8 18. Rab1 g6 19. b3 exd5 20. cxd5 Rxe3 21.
fxe3 Qe8 22. e4 Qe5 23. Nf3 Qxe4 24. Qxe4 Nxe4 25. Rbc1 Nc3 26. Rxc3 Bxc3 27.
Rc1 Bb4 28. Rxc7 Bxd5 29. Ng5 Bxg2 30. Kxg2 Re8 31. Kf3 Re5 32. h4 h6 33. Ne4
d5 34. Nc3 Bc5 35. e4 dxe4+ 36. Nxe4 Be7 37. a4 Re6 38. Nd2 Kg7 39. Nc4 Bc5 40.
Rd7 Rf6+ 41. Ke4 Rf1 42. Rd3 Rg1 43. Ne5 Bf2 44. Kf4 Re1 45. Nc4 Bc5 46. Ne5 f5
47. Nc4 Kf6 48. Kf3 g5 49. hxg5+ hxg5 50. g4 Rf1+ 51. Ke2 Rf2+ 52. Ke1 fxg4 53.
Nxb6 Bxb6 54. Rd6+ Kf5 55. Rxb6 g3 56. Rc6 Rf4 0-1

[Event "44th Chess Olympiad Open 2022"]
[Site "Chennai"]
[Date "2022.08.02"]
[Round "5.17"]
[White "Hoffman, Alejandro"]
[Black "Lodici, Lorenzo"]
[Result "0-1"]
[WhiteElo "2390"]
[BlackElo "2553"]
[Annotator "RC"]
[PlyCount "78"]
[EventDate "2022.07.29"]
[EventType "team-tourn"]
[EventCountry "IND"]
[SourceTitle "playchess.com"]
[Source "ChessBase"]
[SourceQuality "1"]
[WhiteTeam "Uruguay"]
[BlackTeam "Italy"]
[WhiteTeamCountry "URU"]
[BlackTeamCountry "ITA"]

1. d4 Nf6 2. Nf3 e6 3. c4 c5 4. e3 d5 5. cxd5 exd5 6. Be2 a6 7. O-O c4 8. a4
Nc6 9. b3 cxb3 10. Nbd2 Bd6 11. Ba3 b2 12. Bxb2 O-O 13. Ne5 Nb4 14. Qb3 Bf5 15.
Rfc1 Qe7 16. a5 b6 17. axb6 Qb7 18. g4 Be6 19. f4 Qxb6 20. f5 Bc8 21. Ba3 Rb8
22. Bxb4 Bxb4 23. Ndf3 a5 24. g5 Ne4 25. g6 Bxf5 26. gxf7+ Kh8 27. Qxd5 Qh6 28.
Ng4 Qh5 29. Nfe5 Rbd8 30. Qb7 Rb8 31. Qd5 Qg5 32. Rf1 Bxg4 33. Bxg4 Qxe3+ 34.
Kh1 Rbd8 35. Qa2 Nf6 36. Qe6 Nxg4 37. Qxg4 Rxd4 38. Qh5 Qe4+ 39. Rf3 Rd6 0-1

[Event "44th Chess Olympiad Open 2022"]
[Site "Chennai"]
[Date "2022.08.02"]
[Round "5.18"]
[White "Kuybokarov, Temur"]
[Black "Docx, Stefan"]
[Result "1/2-1/2"]
[WhiteElo "2583"]
[BlackElo "2434"]
[Annotator "RC"]
[PlyCount "106"]
[EventDate "2022.07.29"]
[EventType "team-tourn"]
[EventCountry "IND"]
[SourceTitle "playchess.com"]
[Source "ChessBase"]
[SourceQuality "1"]
[WhiteTeam "Australia"]
[BlackTeam "Belgium"]
[WhiteTeamCountry "AUS"]
[BlackTeamCountry "BEL"]

1. e4 c5 2. Nf3 d6 3. d4 cxd4 4. Nxd4 Nf6 5. Nc3 a6 6. Bg5 e6 7. f4 Be7 8. Qf3
Qc7 9. O-O-O Nbd7 10. g4 h6 11. Bh4 b5 12. a3 Rb8 13. Be1 g5 14. h4 gxf4 15.
Bh3 Ne5 16. Qxf4 Nfd7 17. Kb1 Ng6 18. Qf1 Qc4 19. Qxc4 bxc4 20. Nc6 Rb6 21.
Nxe7 Kxe7 22. Bf2 Rc6 23. Bg3 Nge5 24. Bf4 Ng6 25. Bg3 Nge5 26. Rh2 f6 27. g5
hxg5 28. hxg5 fxg5 29. Bxe6 Rxh2 30. Bxd7 Rg2 31. Bxc6 Rxg3 32. Nd5+ Kf7 33.
Nb6 Be6 34. Bd5 Bxd5 35. exd5 Rf3 36. Rd4 Rf1+ 37. Ka2 Rf4 38. Rxf4+ gxf4 39.
Nc8 f3 40. Nxd6+ Kf6 41. Kb1 Kg6 42. Ne4 Kf5 43. Nf2 Kf4 44. Kc1 Ke3 45. Nd1+
Ke2 46. d6 a5 47. a4 Ke1 48. b4 cxb3 49. cxb3 Nd3+ 50. Kc2 Nb4+ 51. Kc1 Nd3+
52. Kc2 Nb4+ 53. Kc1 Nd3+ 1/2-1/2

[Event "44th Chess Olympiad Open 2022"]
[Site "Chennai"]
[Date "2022.08.02"]
[Round "5.18"]
[White "Dardha, Daniel"]
[Black "Smirnov, Anton"]
[Result "1/2-1/2"]
[WhiteElo "2575"]
[BlackElo "2600"]
[Annotator "RC"]
[PlyCount "103"]
[EventDate "2022.07.29"]
[EventType "team-tourn"]
[EventCountry "IND"]
[SourceTitle "playchess.com"]
[Source "ChessBase"]
[SourceQuality "1"]
[WhiteTeam "Belgium"]
[BlackTeam "Australia"]
[WhiteTeamCountry "BEL"]
[BlackTeamCountry "AUS"]

1. d4 d5 2. c4 e6 3. Nf3 Nf6 4. Nc3 a6 5. cxd5 exd5 6. Bg5 Be6 7. Bxf6 Qxf6 8.
Qb3 Ra7 9. a3 Qd8 10. e3 c6 11. Qc2 Nd7 12. Bd3 Bd6 13. O-O g6 14. h3 O-O 15.
e4 dxe4 16. Nxe4 Bf4 17. Rfe1 Nf6 18. Nc5 Bc8 19. Rad1 b6 20. Na4 Qc7 21. Ne5
Bd7 22. g3 Bh6 23. Bf1 c5 24. d5 Bf5 25. Qe2 b5 26. d6 Qc8 27. Nc3 Bxh3 28. Qf3
Bxf1 29. Qxf6 Bg7 30. Qf4 Bh3 31. Nd5 Re8 32. d7 Rxd7 33. Nxd7 Qxd7 34. Rxe8+
Qxe8 35. Qh4 Bd7 36. Nf6+ Bxf6 37. Qxf6 h5 38. Kh2 Qe6 39. Qxe6 Bxe6 40. Rd8+
Kg7 41. Ra8 Kf6 42. Rxa6 Ke5 43. Rb6 Bc4 44. b3 Bd3 45. a4 bxa4 46. bxa4 c4 47.
Rc6 Kd5 48. Rc7 Kd6 49. Rc8 Kd7 50. Rc5 Kd6 51. Rc8 Kd7 52. Rc5 1/2-1/2

[Event "44th Chess Olympiad Open 2022"]
[Site "Chennai"]
[Date "2022.08.02"]
[Round "5.18"]
[White "Maerevoet, Sim"]
[Black "Tan, Justin"]
[Result "1-0"]
[WhiteElo "2409"]
[BlackElo "2508"]
[Annotator "ChessBase"]
[PlyCount "55"]
[EventDate "2022.07.29"]
[EventType "team-tourn"]
[EventCountry "IND"]
[SourceTitle "playchess.com"]
[Source "ChessBase"]
[SourceQuality "1"]
[WhiteTeam "Belgium"]
[BlackTeam "Australia"]
[WhiteTeamCountry "BEL"]
[BlackTeamCountry "AUS"]

1. e4 e5 2. Nf3 Nf6 3. Nxe5 d6 4. Nd3 Nxe4 5. Qe2 Qe7 6. Nf4 c6 7. f3 Nc5 8. d4
Qxe2+ 9. Bxe2 Ne6 10. d5 Nxf4 11. Bxf4 Bf5 12. Na3 c5 13. Nc4 Kd7 14. b4 Na6
15. Ne3 Nxb4 16. Rb1 g5 17. Bxg5 Rg8 18. h4 h6 19. Nxf5 hxg5 20. hxg5 Rxg5 21.
g4 Re8 22. Rh7 Nxd5 23. Rxf7+ Kc6 24. Kd2 Rxe2+ 25. Kxe2 Nc3+ 26. Ke3 Nxb1 27.
Rxf8 Nc3 28. Kf4 1-0